The noble scholar, jurist, historian


 His Excellency Dr. Abdul Wahhab bin Ibrahim Abu Sulaiman, may Allah have mercy on him.


 He was born in Umm Al-Qura in the year 1356 AH.

بناء اقتصاديات الأسرة على قيم الاقتصاد الإسلامي / (Record no. 6597)

MARC details
000 -LEADER
fixed length control field 01642cam a2200385 i 4500
003 - CONTROL NUMBER IDENTIFIER
control field SA-RiAUC
005 - DATE AND TIME OF LATEST TRANSACTION
control field 20250324121836.0
008 - FIXED-LENGTH DATA ELEMENTS--GENERAL INFORMATION
fixed length control field 250322s2010 ku g bd f000 0 ara c
020 ## - INTERNATIONAL STANDARD BOOK NUMBER
International Standard Book Number 9789990699319
040 ## - CATALOGING SOURCE
Original cataloging agency SA-MaMIU
Language of cataloging ara
Transcribing agency SA-RiAUC
Modifying agency KW-KwMAI
Description conventions rda
082 04 - DEWEY DECIMAL CLASSIFICATION NUMBER
Classification number 330.121
Assigning agency SA-RiAUC
090 ## - LOCALLY ASSIGNED LC-TYPE CALL NUMBER (OCLC); LOCAL CALL NUMBER (RLIN)
Classification number (OCLC) (R) ; Classification number, CALL (RLIN) (NR) 330.121
Local cutter number (OCLC) ; Book number/undivided call number, CALL (RLIN) ب ع ل
100 1# - MAIN ENTRY--PERSONAL NAME
Personal name البعلي، عبد الحميد محمود،
Dates associated with a name 1942-
Relator term مؤلف.
245 10 - TITLE STATEMENT
Title بناء اقتصاديات الأسرة على قيم الاقتصاد الإسلامي /
Statement of responsibility, etc. عبد الحميد محمود البعلي.
250 ## - EDITION STATEMENT
Edition statement الطبعة الأولى.
264 #1 - PRODUCTION, PUBLICATION, DISTRIBUTION, MANUFACTURE, AND COPYRIGHT NOTICE
Place of production, publication, distribution, manufacture الكويت :
Name of producer, publisher, distributor, manufacturer وزارة الأوقاف والشؤون الإسلامية، قطاع الشؤون الثقافية، إدارة الثقافة الإسلامية،
Date of production, publication, distribution, manufacture, or copyright notice 2010
300 ## - PHYSICAL DESCRIPTION
Extent 136 صفحة ؛
Dimensions 21 سم.
336 ## - CONTENT TYPE
Content type term نص
Content type code txt
Source rdacontent
Materials specified كتاب
337 ## - MEDIA TYPE
Media type term بدون وسيط
Media type code n
Source rdamedia
338 ## - CARRIER TYPE
Carrier type term مجلد
Carrier type code nc
Source rdacarrier
490 1# - SERIES STATEMENT
Series statement روافد.
-- آفاق ؛
Volume/sequential designation 28
500 ## - GENERAL NOTE
General note ملاحق : صفحة 123-128.
500 ## - GENERAL NOTE
General note مصطلحات : صفحة 129-131.
504 ## - BIBLIOGRAPHY, ETC. NOTE
Bibliography, etc. note ببليوجرافية : صفحة 132-136.
504 ## - BIBLIOGRAPHY, ETC. NOTE
Bibliography, etc. note يشتمل على إرجاعات ببليوجرافية.
506 0# - RESTRICTIONS ON ACCESS NOTE
Terms governing access يهدى ولا يباع.
520 0# - SUMMARY, ETC.
Summary, etc. الاقتصاد الإسلامي.
650 #7 - SUBJECT ADDED ENTRY--TOPICAL TERM
Topical term or geographic name entry element الاقتصاد الإسلامي
Source of heading or term aucsh
650 #7 - SUBJECT ADDED ENTRY--TOPICAL TERM
Topical term or geographic name entry element الأسرة
General subdivision جوانب اقتصادية
Source of heading or term aucsh
653 ## - INDEX TERM--UNCONTROLLED
Uncontrolled term الاقتصاد المنزلي
830 #0 - SERIES ADDED ENTRY--UNIFORM TITLE
Uniform title روافد.
Name of part/section of a work آفاق
Volume/sequential designation 28
856 4# - ELECTRONIC LOCATION AND ACCESS
Uniform Resource Identifier <a href="BOOKS/122">BOOKS/122</a>
942 ## - ADDED ENTRY ELEMENTS (KOHA)
Source of classification or shelving scheme Dewey Decimal Classification
Koha item type Books
Suppress in OPAC No
949 ## - LOCAL PROCESSING INFORMATION (OCLC)
a SA-JeALM
d 250322
u mohamedma123
n 1
Holdings
Withdrawn status Lost status Source of classification or shelving scheme Damaged status Not for loan Home library Current library Date acquired Total checkouts Full call number Barcode Date last seen Price effective from Koha item type
    Dewey Decimal Classification     DR AbdElwahab Library DR AbdElwahab Library 03/24/2025   330.121 ب ع ل 000010999 03/24/2025 03/24/2025 Books
    Dewey Decimal Classification     DR AbdElwahab Library DR AbdElwahab Library 07/20/2025   330.121 ب ع ل 000016442 07/20/2025 07/20/2025 Books